000 00738nam a2200289Ia 4500
005 20260324122117.0
008 008 260324s9999 xx 000 0 eng d
020 _a9781351277525
037 _aEBOOK
040 _aCRL
040 _beng
040 _cCRL
041 _2eng
041 _aeng
084 _qCRL
100 _aDavid Grayson; Nelson Jane
_91165153
245 0 _aCorporate Responsibility Coalitions
245 4 _bThe Past, Present, and Future of Alliances for Sustainable Capitalism
260 _bTaylor and Francis
260 _c2013
365 _a
365 _b55.99
856 _uhttp://www.taylorfrancis.com/books/9781351277525
942 _cEBOOK
999 _c1757658
_d1757658